History Quiz

Random History or World Quiz
Score 0/30 Timer 05:00
10 Plays Today
% Correct
Great Wall
98.1%
Joan
97.7%
Great Pyramid
97%
Hanging Gardens
94.3%
Bay
93.7%
League
92.2%
Reign
89.4%
War
88.8%
Catherine
88.7%
Bill
88.2%
Francis
86.4%
Colossus
84.8%
Trail
80%
Valley
77.7%
Gang
77.7%
% Correct
Bard
71.8%
Bonfire
71.1%
Eleanor
69.4%
Gulf
64.5%
Wizard
63.9%
Cruise
63.4%
Bridge
60.2%
Defenestration
51.2%
Book
47.8%
Mandate
46.7%
Erasmus
43.4%
Augustine
39.2%
Sage
38.4%
Baths
32.6%
Tale
28.9%
Remove Ads.
Support Sporcle.
Get the best of Sporcle when you Go Orange. This ad-free experience offers more features, more stats, and more fun while also helping to support Sporcle. Thank you for becoming a member.

You're not logged in!

Compare scores with friends on all Sporcle quizzes.
OR
Log In

Show Comments

Extras

Top Quizzes Today


Score Distribution

Your Account Isn't Verified!

In order to create a playlist on Sporcle, you need to verify the email address you used during registration. Go to your Sporcle Settings to finish the process.

Report this User

Report this user for behavior that violates our Community Guidelines.

Details: